A treasury of Civil War tales / (Record no. 206)

MARC details
000 -LEADER
fixed length control field 01135pam a2200337 a 4500
005 - DATE AND TIME OF LATEST TRANSACTION
control field 20260322212010.0
008 - FIXED-LENGTH DATA ELEMENTS--GENERAL INFORMATION
fixed length control field data
010 ## - LIBRARY OF CONGRESS CONTROL NUMBER
LC control number 88023826
020 ## - INTERNATIONAL STANDARD BOOK NUMBER
International Standard Book Number 0934395950 :
Terms of availability {dollar}14.95
020 ## - INTERNATIONAL STANDARD BOOK NUMBER
International Standard Book Number 9780934395953 :
Terms of availability {dollar}14.95
040 ## - CATALOGING SOURCE
Original cataloging agency DLC
Transcribing agency DLC
Modifying agency DLC
043 ## - GEOGRAPHIC AREA CODE
Geographic area code n-us---
050 00 - LIBRARY OF CONGRESS CALL NUMBER
Classification number E655
Item number .G37 1988
082 00 - DEWEY DECIMAL CLASSIFICATION NUMBER
Classification number 973.7
Edition information 19
092 ## - LOCALLY ASSIGNED DEWEY CALL NUMBER (OCLC)
Classification number 973.7 G37 1988
001 - CONTROL NUMBER
control field data
100 1# - MAIN ENTRY--PERSONAL NAME
Personal name Garrison, Webb B.
245 12 - TITLE STATEMENT
Title A treasury of Civil War tales /
Statement of responsibility, etc. Webb B. Garrison.
260 ## - PUBLICATION, DISTRIBUTION, ETC.
Place of publication, distribution, etc. Nashville, Tenn. :
Name of publisher, distributor, etc. Rutledge Hill Press,
Date of publication, distribution, etc. c1988.
300 ## - PHYSICAL DESCRIPTION
Extent 256 p. :
Other physical details ill. ;
Dimensions 24 cm.
500 ## - GENERAL NOTE
General note Includes index.
651 #0 - SUBJECT ADDED ENTRY--GEOGRAPHIC NAME
Geographic name United States
General subdivision Anecdotes.
Chronological subdivision Civil War, 1861-1865
General subdivision Anecdotes.
740 0# - ADDED ENTRY--UNCONTROLLED RELATED/ANALYTICAL TITLE
Uncontrolled related/analytical title Civil War tales.
856 41 - ELECTRONIC LOCATION AND ACCESS
Materials specified Table of contents
Uniform Resource Identifier <a href="http://www.loc.gov/catdir/toc/fy052/88023826.html">http://www.loc.gov/catdir/toc/fy052/88023826.html</a>
906 ## - LOCAL DATA ELEMENT F, LDF (RLIN)
a 7
b cbc
c orignew
d 1
e ocip
f 19
g y-gencatlg
925 0# -
-- acquire
-- 2 shelf copies
-- policy default
991 ## -
-- c-GenColl
-- E655
-- .G37 1988
-- Copy 1
-- BOOKS
991 ## -
-- c-GenColl
-- E655
-- .G37 1988
-- 00002987600
-- Copy 2
-- CCF
Holdings
Withdrawn status Lost status Damaged status Not for loan Home library Current library Shelving location Date acquired Total checkouts Full call number Barcode Date last seen Price effective from Koha item type
        Franklin Franklin General stacks 22/03/2026   973.7 19 BC0010213 22/03/2026 22/03/2026 Books